000 00363nam a2200157Ia 4500
003 OSt
005 20240311120553.0
008 170523s9999 xx 000 0 und d
020 _a978-0070144965
040 _ciimtu meerut
100 _aBELCH- BELCH
245 0 _aADVERTISING AND PROMOTION
260 _bTATA MC GRAW HILL
260 _c2003
942 _2ddc
_c02
999 _c1350
_d1350